An analysis of the English language programme in Maktab Perguruan Raja Melewar, Seremban /
Saved in:
| Main Author: | |
|---|---|
| Format: | Thesis Book |
| Language: | English |
| Published: |
1983.
|
| Subjects: | |
| Tags: |
Add Tag
No Tags, Be the first to tag this record!
|
| LEADER | 01379cam a2200337 a 4500 | ||
|---|---|---|---|
| 001 | u34199 | ||
| 003 | SIRSI | ||
| 008 | 840921s1983 my mt 00 eng m | ||
| 015 | |a X840007927 | ||
| 035 | |a AAD-6836 | ||
| 040 | |a UMM | ||
| 043 | |a a-my-ns | ||
| 050 | 1 | |a LB1579.E5 | |
| 090 | |a LB1579 |b E5Bal | ||
| 091 | |a Microfiche 8977 | ||
| 100 | 0 | 0 | |a Balakrishnan Muthu. |
| 245 | 1 | 3 | |a An analysis of the English language programme in Maktab Perguruan Raja Melewar, Seremban / |c Balakrishnan Muthu. |
| 260 | |c 1983. | ||
| 300 | |a vii, 154 leaves ; |c 28cm | ||
| 500 | |a Typescript. | ||
| 500 | |a Also available on microfiche. Kuala Lumpur : Perpustakaan Universiti Malaya, 1984. 3 microfiches : negative ; 11x15cm. | ||
| 502 | |a Dissertation (M.Ed.) -- Fakulti Pendidikan, Universiti Malaya, 1984. | ||
| 504 | |a Bibliography: leaves 146-152. | ||
| 650 | 0 | |a English language |x Study and teaching (Higher) |z Malaysia. | |
| 650 | 0 | |a Teachers |x Training of |z Malaysia |x Curricula |x Evaluation | |
| 710 | 2 | 0 | |a Universiti Malaya. |b Fakulti Pendidikan. |
| 948 | |a 16/03/1991 |b 29/07/2002 | ||
| 596 | |a 1 8 | ||
| 999 | |a LB1579 E5BAL |w LC |c 1 |i A002916581 |d 15/2/2014 |e 15/2/2014 |l STACKS |m P01UTAMA |n 7 |r Y |s Y |t TESIS |u 9/1/1992 | ||
| 999 | |a LB1579 E5BAL |w LC |c 1 |i A506694368 |l STACKS |m P08PENDIDI |r Y |s Y |t TESIS |u 11/11/1997 | ||
| 999 | |a LB1579 E5BAL |w LC |c 2 |i A506694377 |l STACKS |m P08PENDIDI |r Y |s Y |t TESIS |u 11/11/1997 | ||
